Ross & Wilson Anatomy and Physiology in Health and Illness (Record no. 7459)
[ view plain ]
| 000 -LEADER | |
|---|---|
| fixed length control field | 00465nam a2200181Ia 4500 |
| 008 - FIXED-LENGTH DATA ELEMENTS--GENERAL INFORMATION | |
| fixed length control field | 230711s9999||||xx |||||||||||||| ||und|| |
| 020 ## - INTERNATIONAL STANDARD BOOK NUMBER | |
| International Standard Book Number | 978-0-7020-7277-2 |
| 041 ## - LANGUAGE CODE | |
| Language code of text/sound track or separate title | ENG |
| 082 ## - DEWEY DECIMAL CLASSIFICATION NUMBER | |
| Classification number | 612 |
| Item number | WA-A |
| 100 ## - MAIN ENTRY--PERSONAL NAME | |
| Personal name | Waugh,Anne |
| 245 #0 - TITLE STATEMENT | |
| Title | Ross & Wilson Anatomy and Physiology in Health and Illness |
| 250 ## - EDITION STATEMENT | |
| Edition statement | 13th Ed. |
| 260 ## - PUBLICATION, DISTRIBUTION, ETC. | |
| Date of publication, distribution, etc. | 2018 |
| Place of publication, distribution, etc. | New York |
| Name of publisher, distributor, etc. | Elsevier Health Science |
| 300 ## - PHYSICAL DESCRIPTION | |
| Extent | 560p. |
| 650 ## - SUBJECT ADDED ENTRY--TOPICAL TERM | |
| Topical term or geographic name entry element | Pharmacy |
| 700 ## - ADDED ENTRY--PERSONAL NAME | |
| Personal name | Grant,Allison |
| 942 ## - ADDED ENTRY ELEMENTS (KOHA) | |
| Koha item type | Book |
| Withdrawn status | Lost status | Damaged status | Not for loan | Collection | Home library | Current library | Date acquired | Source of acquisition | Cost, normal purchase price | Inventory number | Total checkouts | Full call number | Barcode | Date last seen | Date last checked out | Price effective from | Koha item type | Date due |
|---|---|---|---|---|---|---|---|---|---|---|---|---|---|---|---|---|---|---|
| MRSPTU Central Library | MRSPTU Central Library | Krishna Book Distributors | 1160.00 | KBD/19-20/1122443616 | 5 | 612 WA-A | P1584 | 01/22/2026 | 03/19/2025 | 08/17/2023 | Book | |||||||
| MRSPTU Central Library | MRSPTU Central Library | Krishna Book Distributors | 1160.00 | KBD/19-20/1122443616 | 13 | 612 WA-A | P1585 | 03/30/2026 | 01/29/2026 | 08/17/2023 | Book | |||||||
| MRSPTU Central Library | MRSPTU Central Library | Krishna Book Distributors | 1160.00 | KBD/19-20/1122443616 | 9 | 612 WA-A | P1586 | 03/05/2026 | 02/06/2026 | 08/17/2023 | Book | |||||||
| MRSPTU Central Library | MRSPTU Central Library | Krishna Book Distributors | 1160.00 | KBD/19-20/1122443616 | 1 | 612 WA-A | P1587 | 01/20/2025 | 01/20/2025 | 08/17/2023 | Book | |||||||
| MRSPTU Central Library | MRSPTU Central Library | Krishna Book Distributors | 1160.00 | KBD/19-20/1122443616 | 9 | 612 WA-A | P1588 | 03/18/2026 | 12/09/2025 | 08/17/2023 | Book | |||||||
| MRSPTU Central Library | MRSPTU Central Library | Krishna Book Distributors | 1160.00 | KBD/19-20/1122443616 | 1 | 612 WA-A | P1589 | 09/16/2024 | 09/16/2024 | 08/17/2023 | Book | |||||||
| MRSPTU Central Library | MRSPTU Central Library | Krishna Book Distributors | 1160.00 | KBD/19-20/1122443616 | 15 | 612 WA-A | P1590 | 04/21/2026 | 04/21/2026 | 08/17/2023 | Book | 05/12/2026 | ||||||
| MRSPTU Central Library | MRSPTU Central Library | Krishna Book Distributors | 1160.00 | KBD/19-20/1122443616 | 8 | 612 WA-A | P1591 | 03/02/2026 | 02/09/2026 | 08/17/2023 | Book | |||||||
| MRSPTU Central Library | MRSPTU Central Library | Krishna Book Distributors | 1160.00 | KBD/19-20/1122443616 | 14 | 612 WA-A | P1592 | 03/02/2026 | 02/09/2026 | 08/17/2023 | Book | |||||||
| MRSPTU Central Library | MRSPTU Central Library | Krishna Book Distributors | 1160.00 | KBD/19-20/1122443616 | 5 | 612 WA-A | P1593 | 06/12/2025 | 05/06/2025 | 08/17/2023 | Book |
